| 000 | 01376nam a2200325Ia 4500 | ||
|---|---|---|---|
| 001 | ebr10076802 | ||
| 003 | CaPaEBR | ||
| 006 | m u | ||
| 007 | cr cn||||||||| | ||
| 008 | 030220s2003 enka sb 001 0 eng d | ||
| 015 | _aGBA3-Y7475 | ||
| 020 | _z0719062489 | ||
| 020 | _z0719062497 | ||
| 040 |
_aCaPaEBR _cCaPaEBR |
||
| 035 | _a(OCoLC)70774090 | ||
| 050 | 1 | 4 |
_aPQ6039.H618 _bZ78 2003eb |
| 082 | 0 | 4 |
_a821.914 _221 |
| 100 | 1 |
_aMorgan, Christopher, _d1944- |
|
| 245 | 1 | 0 |
_aR.S. Thomas _h[electronic resource] : _bidentity, environment, deity / _cChristopher Morgan. |
| 260 |
_aManchester ; _aNew York : _bManchester University Press ; _aNew York : _bDistributed exclusively in the USA by Palgrave, _c2003. |
||
| 300 |
_ax, 209 p. : _bill. |
||
| 504 | _aIncludes bibliographical references (p. [193]-201) and index. | ||
| 533 |
_aElectronic reproduction. _bPalo Alto, Calif. : _cebrary, _d2009. _nAvailable via World Wide Web. _nAccess may be limited to ebrary affiliated libraries. |
||
| 600 | 1 | 0 |
_aThomas, R. S. _q(Ronald Stuart), _d1913-2000 _xCriticism and interpretation. |
| 650 | 0 | _aReligious poetry, Welsh. | |
| 650 | 0 |
_aLiterature and science _zWales. |
|
| 655 | 7 |
_aElectronic books. _2local |
|
| 710 | 2 | _aebrary, Inc. | |
| 856 | 4 | 0 |
_uhttp://site.ebrary.com/lib/rucke/Doc?id=10076802 _zAn electronic book accessible through the World Wide Web; click to view |
| 999 |
_c73039 _d73039 |
||